Protein synthesis and translational control : a subject collection from Cold Spring Harbor perspectives in biology /

Bibliographic Details
Other Authors: Hershey, John W. B., Sonenberg, Nahum, Mathews, Michael
Format: Book
Language:English
Published: Cold Spring Harbor, N.Y. : Cold Spring Harbor Laboratory Press, [2012]
Series:Cold Spring Harbor perspectives in biology.
Subjects:

MARC

Tag First Indicator Second Indicator Subfields
LEADER 00000cam a2200000 a 4500
001 in00002783300
005 20150922144715.0
008 120614s2012 nyua b 001 0 eng
010 |a  2012016831 
020 |a 9781936113460 (hardcover : alk. paper) 
020 |a 1936113465 (hardcover : alk. paper) 
029 1 |a AU@  |b 000049546375 
035 |a (OCoLC)ocn795687144 
035 |a (OCoLC)795687144 
040 |a DLC  |b eng  |c DLC  |d YDX  |d OCLCO  |d YDXCP  |d CDX  |d UtOrBLW 
042 |a pcc 
049 |a TXAM 
050 0 0 |a QH450.5  |b .P77 2012 
082 0 0 |a 572/.6  |2 23 
245 0 0 |a Protein synthesis and translational control :  |b a subject collection from Cold Spring Harbor perspectives in biology /  |c edited by John W.B. Hershey, Nahum Sonenberg, Michael B. Mathews. 
264 1 |a Cold Spring Harbor, N.Y. :  |b Cold Spring Harbor Laboratory Press,  |c [2012] 
264 4 |c ©2012 
300 |a vii, 352 pages :  |b illustrations (some color) ;  |c 27 cm. 
336 |a text  |b txt  |2 rdacontent 
337 |a unmediated  |b n  |2 rdamedia 
338 |a volume  |b nc  |2 rdacarrier 
490 1 |a Cold Spring Harbor perspectives in biology 
504 |a Includes bibliographical references and index. 
650 0 |a Proteins  |x Synthesis. 
650 0 |a Genetic translation. 
650 0 |a Genetic regulation. 
700 1 |a Hershey, John W. B. 
700 1 |a Sonenberg, Nahum. 
700 1 |a Mathews, Michael. 
830 0 |a Cold Spring Harbor perspectives in biology. 
938 |a YBP Library Services  |b YANK  |n 8855044 
938 |a Coutts Information Services  |b COUT  |n 22736341 
947 |a A14836006811 
945 |a PromptCat  |b 99172 
946 |a stk 
994 |a 92  |b TXA 
948 |a Cataloged  |b h  |c 2012/11/21  |d c  |e EGrant 
999 |a MARS 
999 f f |s 5a1e059c-a5d2-3ebf-b81c-60b683ef533e  |i d9b03efc-e676-3716-8606-88efdbc7077f  |t 0 
952 f f |p normal  |a Texas A&M University  |b College Station  |c Sterling C. Evans Library  |d Evans: Library Stacks  |t 0  |e QH450.5 .P77 2012  |h Library of Congress classification  |i unmediated -- volume  |m A14836006811 
998 f f |a QH450.5 .P77 2012  |t 0  |l Evans: Library Stacks